Leeds United: The Premier League Years - Statistics

General Stats
  • This quiz has been taken 156 times
    100 since last reset
  • The average score is 21 of 40
Answer Stats
Answer % Correct
Mark Viduka
78%
Patrick Bamford
78%
Harry Kewell
75%
Marcelo Bielsa
73%
David O’Leary
71%
Alan Smith
67%
Lucas Radebe
66%
Liam Cooper
65%
Rio Ferdinand
65%
Sam Allardyce
62%
Howard Wilkinson
61%
Jesse Marsch
60%
Gary Kelly
59%
Gary McAllister
59%
Jimmy Floyd Hasselbaink
59%
Lee Bowyer
59%
Nigel Martyn
56%
Raphinha
56%
Rodrigo Moreno
56%
Tony Yeboah
55%
George Graham
54%
Gordon Strachan
54%
Luke Ayling
52%
Michael Bridges
51%
Paul Robinson
49%
Terry Venables
48%
Rod Wallace
47%
Illan Meslier
46%
Jack Harrison
46%
Peter Reid
46%
Brian Deane
45%
Stuart Dallas
45%
Lee Chapman
44%
Dominic Matteo
41%
Eddie Gray
40%
Robin Koch
38%
Javi Gracia
34%
John Lukic
32%
Brenden Aaronson
26%
Ezgjan Alioski
25%
No matching quizzes found
Score Distribution
Percent of People with Each Score
Percentile by Number Answered
Your Score History
You have not taken this quiz since the last reset